The mismanagement of talent (Record no. 51325)

MARC details
000 -LEADER
fixed length control field 01076nam a2200277 a 4500
008 - FIXED-LENGTH DATA ELEMENTS--GENERAL INFORMATION
fixed length control field 120416s2004 ||||||||||||||||| || u
020 ## - INTERNATIONAL STANDARD BOOK NUMBER
International Standard Book Number 0199269548
050 ## - LIBRARY OF CONGRESS CALL NUMBER
Classification number HF 5549.5.R3 Bro
100 ## - MAIN ENTRY--PERSONAL NAME
Personal name Brown, Phillip
245 14 - TITLE STATEMENT
Title The mismanagement of talent
246 ## - VARYING FORM OF TITLE
Title proper/short title employability and jobs in the knowledge economy
260 ## - PUBLICATION, DISTRIBUTION, ETC.
Place of publication, distribution, etc. Oxford
Name of publisher, distributor, etc. Oxford University Press
Date of publication, distribution, etc. 2004
300 ## - PHYSICAL DESCRIPTION
Extent viii, 278p. : ill.
350 ## - PRICE (NR) (BK AM CF MU VM SE) [OBSOLETE]
Price 0.00
500 ## - GENERAL NOTE
General note Bibliography
650 ## - SUBJECT ADDED ENTRY--TOPICAL TERM
Topical term or geographic name entry element COLLEGE GRADUATES--EMPLOYMENT
650 ## - SUBJECT ADDED ENTRY--TOPICAL TERM
Topical term or geographic name entry element Labor supply - Effect of education on
650 ## - SUBJECT ADDED ENTRY--TOPICAL TERM
Topical term or geographic name entry element Labor supply - Effect of technological innovation on
650 ## - SUBJECT ADDED ENTRY--TOPICAL TERM
Topical term or geographic name entry element EMPLOYEE SELECTION
650 #0 - SUBJECT ADDED ENTRY--TOPICAL TERM
Topical term or geographic name entry element CAREER DEVELOPMENT
700 ## - ADDED ENTRY--PERSONAL NAME
Personal name Williams, Sara
700 ## - ADDED ENTRY--PERSONAL NAME
Personal name Hesketh, Anthony
856 ## - ELECTRONIC LOCATION AND ACCESS
Uniform Resource Identifier <a href="http://www.loc.gov/catdir/enhancements/fy0620/2004303059-t.html">http://www.loc.gov/catdir/enhancements/fy0620/2004303059-t.html</a>
856 ## - ELECTRONIC LOCATION AND ACCESS
Uniform Resource Identifier <a href="http://www.loc.gov/catdir/enhancements/fy0620/2004303059-d.html">http://www.loc.gov/catdir/enhancements/fy0620/2004303059-d.html</a>
995 ## - RECOMMENDATION 995 [LOCAL, UNIMARC FRANCE]
-- 0.00
-- CBU-MAIN LIBRARY (Kitwe)
-- 1
-- 14.95
-- 1
-- AVAILABLE
-- Main Library Open Access Collection
Holdings
Withdrawn status Lost status Source of classification or shelving scheme Damaged status Not for loan Home library Current library Shelving location Date acquired Total Checkouts Full call number Barcode Date last seen Price effective from Koha item type
          CBU-MAIN LIBRARY, KITWE. CBU-MAIN LIBRARY, KITWE.   11/30/2022   HF 5549.5.R3 Bro 38645 11/30/2022 11/30/2022 MONOGRAPH